Fundamentals of fluvial geomorphology / (Record no. 23477)

MARC details
000 -LEADER
fixed length control field 01284cam a22002894a 4500
001 - CONTROL NUMBER
control field 14796048
003 - CONTROL NUMBER IDENTIFIER
control field OSt
005 - DATE AND TIME OF LATEST TRANSACTION
control field 20211222145450.0
008 - FIXED-LENGTH DATA ELEMENTS--GENERAL INFORMATION
fixed length control field 070404s2008 enka b 001 0 eng
010 ## - LIBRARY OF CONGRESS CONTROL NUMBER
LC control number 2007014030
020 ## - INTERNATIONAL STANDARD BOOK NUMBER
International Standard Book Number 9780415334532 (hardcover)
020 ## - INTERNATIONAL STANDARD BOOK NUMBER
International Standard Book Number 9780415334549 (softcover)
040 ## - CATALOGING SOURCE
Original cataloging agency DLC
Transcribing agency HU
Modifying agency DLC
050 00 - LIBRARY OF CONGRESS CALL NUMBER
Classification number GB561
Item number .C475 2008
082 00 - DEWEY DECIMAL CLASSIFICATION NUMBER
Classification number 551.3/55
Edition number 22
100 1# - MAIN ENTRY--PERSONAL NAME
Personal name Charlton, Ro.
9 (RLIN) 24338
245 10 - TITLE STATEMENT
Title Fundamentals of fluvial geomorphology /
Statement of responsibility, etc. Ro Charlton.
260 ## - PUBLICATION, DISTRIBUTION, ETC.
Place of publication, distribution, etc. London ;
-- New York :
Name of publisher, distributor, etc. Routledge,
Date of publication, distribution, etc. 2008.
300 ## - PHYSICAL DESCRIPTION
Extent xxiii, 234 p. :
Other physical details ill. (some col.) ;
Dimensions 26 cm.
504 ## - BIBLIOGRAPHY, ETC. NOTE
Bibliography, etc. note Includes bibliographical references (p. [211]-223) and index.
505 0# - FORMATTED CONTENTS NOTE
Formatted contents note The fluvial system -- The flow regime -- Sediment sources -- Large-scale sediment transfer -- Flow in channels -- Processes of erosion, transport and deposition -- Channel form and behaviour -- System response to change -- Managing river channels.
650 #0 - SUBJECT ADDED ENTRY--TOPICAL TERM
Topical term or geographic name entry element Fluvial geomorphology.
9 (RLIN) 24339
856 41 - ELECTRONIC LOCATION AND ACCESS
Materials specified Table of contents only
Uniform Resource Identifier <a href="http://www.loc.gov/catdir/toc/ecip0714/2007014030.html">http://www.loc.gov/catdir/toc/ecip0714/2007014030.html</a>
906 ## - LOCAL DATA ELEMENT F, LDF (RLIN)
a 7
b cbc
c orignew
d 1
e ecip
f 20
g y-gencatlg
942 ## - ADDED ENTRY ELEMENTS (KOHA)
Source of classification or shelving scheme Dewey Decimal Classification
Koha item type Books like text book referance book
Suppress in OPAC No
Holdings
Withdrawn status Lost status Source of classification or shelving scheme Damaged status Not for loan Home library Current library Shelving location Date acquired Total Checkouts Full call number Barcode Date last seen Copy number Price effective from Koha item type
    Dewey Decimal Classification     Social Library Social Library General Stacks 12/22/2021   551,355/CHA SHLIB 00012740 12/22/2021 C3 12/22/2021 Books like text book referance book
    Dewey Decimal Classification     Social Library Social Library General Stacks 12/22/2021   551,355/CHA SHLIB 00012705 12/22/2021 C2 12/22/2021 Books like text book referance book
    Dewey Decimal Classification     Social Library Social Library General Stacks 12/22/2021   551,355/CHA SHLIB 00012706 12/22/2021 C1 12/22/2021 Books like text book referance book